00546cam a2200181 a 450000100100000000500170001000800410002704000250006808200170009310000320011024500460014226000410018830000210022949000330025065000220028365000260030583000330033100000121820200929145517.0720224s1966 sp 000 0 spa  aDO-SdBNPbspacBNPHU a863.6bD811c1 aD´Ors, Eugeniod1882-1954.10aCrónicas de la ermita /cEugenio D'Ors. aBarcelona :bPlaza & Janés,c1966. a262 p. ;c19 cm.1 aProsistas de lengua espanola 4aNovela española 4aLiteratura española 0aProsistas de lengua espanola